[Event "PRO League Group Stage"]
[Site "chess.com INT"]
[Date "2019.02.07"]
[Round "5"]
[White "Moussard, Jules"]
[Black "Droin, Augustin"]
[Result "1-0"]
[WhiteTitle "GM"]
[WhiteElo "2605"]
[BlackElo "2099"]
[WhiteTeam "Marseille Migraines"]
[BlackTeam "Cannes Blitzstreams"]
[WhiteFideId "642908"]
[BlackFideId "45105987"]
[EventDate "2019.01.08"]

1. Nf3 Nf6 2. b3 d6 3. d4 Nbd7 4. Bb2 g6 5. g3 Bg7 6. Bg2 O-O 7. O-O Re8 8. c4
e5 9. dxe5 dxe5 10. Nxe5 Ng4 11. Nd3 Bxb2 12. Nxb2 Qf6 13. Qd2 Qe5 14. Nc3 Qh5
15. h3 Ngf6 16. Nd3 Nf8 17. Nf4 Qh6 18. Rad1 c6 19. Nfd5 Qg7 20. Nc7 Be6 21.
Nxa8 Rxa8 22. Qd4 Bf5 23. e4 Be6 24. e5 N6d7 25. f4 Qh6 26. Kh2 Bf5 27. Ne4 a5
28. Rd2 a4 29. b4 a3 30. Nd6 Be6 31. b5 Ra4 32. bxc6 bxc6 33. h4 c5 34. Qc3 Nb6
35. Bd5 Qg7 36. Ne8 Qh6 37. Bxe6 Nxe6 38. Nf6+ Kh8 39. Rfd1 Qf8 40. f5 gxf5 41.
Qf3 Nd4 42. Rxd4 cxd4 43. Qxf5 Qh6 44. Rxd4 Ra8 45. c5 Na4 46. Rxa4 Rd8 47. Rd4 1-0

[Event "PRO League Group Stage"]
[Site "chess.com INT"]
[Date "2019.02.07"]
[Round "5"]
[White "Maurizzi, Marc Andria"]
[Black "Maze, Sebastien"]
[Result "1-0"]
[WhiteTitle "CM"]
[BlackTitle "GM"]
[WhiteElo "2028"]
[BlackElo "2596"]
[WhiteTeam "Marseille Migraines"]
[BlackTeam "Cannes Blitzstreams"]
[WhiteFideId "36083534"]
[BlackFideId "613762"]
[EventDate "2019.01.08"]

1. e4 c5 2. Nf3 Nc6 3. d4 cxd4 4. Nxd4 Nf6 5. Nc3 d6 6. Bg5 e6 7. Qd2 a6 8.
O-O-O Bd7 9. f4 h6 10. Bxf6 Qxf6 11. Be2 Nxd4 12. Qxd4 Qxf4+ 13. Kb1 Qe5 14. Qb6
Bc6 15. Nd5 Rc8 16. Nc7+ Kd7 17. Nd5 Bxd5 18. Rxd5 Qxe4 19. Qxb7+ Rc7 20. Rxd6+
Bxd6 21. Qxe4 Ke7 22. c4 Rb8 23. Rd1 Rb6 24. Qd4 Rc5 25. b3 g6 26. Kc2 a5 27. a3
e5 28. Qe3 Rc7 29. Qxb6 1-0

[Event "PRO League Group Stage"]
[Site "chess.com INT"]
[Date "2019.02.07"]
[Round "5"]
[White "Salomon, Johan"]
[Black "Braun, Arik"]
[Result "1-0"]
[WhiteTitle "GM"]
[BlackTitle "GM"]
[WhiteElo "2494"]
[BlackElo "2598"]
[WhiteTeam "Norway Gnomes"]
[BlackTeam "Berlin Bears"]
[WhiteFideId "1509500"]
[BlackFideId "4663527"]
[EventDate "2019.01.08"]

1. Nf3 Nf6 2. b3 c5 3. Bb2 d5 4. e3 a6 5. c4 Nc6 6. cxd5 Nxd5 7. Be2 Bg4 8. O-O
e6 9. d4 cxd4 10. Nxd4 Bxe2 11. Qxe2 Nxd4 12. Bxd4 Qg5 13. f4 Qh6 14. Qf3 Rd8
15. Nc3 Be7 16. Nxd5 exd5 17. Rac1 O-O 18. Rc7 Bf6 19. Bc5 Rfe8 20. Rxb7 Qg6 21.
Bb6 Rd6 22. Bc7 Rc6 23. Qxd5 Rc2 24. f5 Qg4 25. h3 Qe2 26. Bb6 Rf8 27. Bc5 Rd2
28. Qf3 Qxf3 29. gxf3 Rc8 30. b4 Rxa2 31. Rf2 Ra1+ 32. Kg2 h5 33. f4 Rd8 34. Kf3
Rh1 35. Rb6 Bh4 36. Rg2 Rxh3+ 37. Ke4 Bf6 38. Rxf6 h4 39. Rxa6 Rh1 40. Raa2 Re8+
41. Kf3 Rf1+ 42. Kg4 f6 43. Kxh4 Rd8 44. Kg3 Kh7 45. Raf2 Rb1 46. Kf3 Kg8 47.
Rh2 Kf7 48. Rd2 Re8 49. Rhg2 Kg8 50. Rd7 Kh8 51. Rgxg7 Rxe3+ 52. Bxe3 Rf1+ 53.
Ke4 Rxf4+ 54. Kd3 Rxb4 55. Rh7+ 1-0

[Event "PRO League Group Stage"]
[Site "chess.com INT"]
[Date "2019.02.07"]
[Round "5"]
[White "Tari, Aryan"]
[Black "Mons, Leon"]
[Result "1/2-1/2"]
[WhiteTitle "GM"]
[BlackTitle "GM"]
[WhiteElo "2625"]
[BlackElo "2544"]
[WhiteTeam "Norway Gnomes"]
[BlackTeam "Berlin Bears"]
[WhiteFideId "1510045"]
[BlackFideId "4614950"]
[EventDate "2019.01.08"]

1. e4 g6 2. d4 Bg7 3. Nf3 d6 4. Bc4 e6 5. Bb3 Ne7 6. O-O O-O 7. Nbd2 b6 8. Re1
c5 9. c3 cxd4 10. cxd4 Nbc6 11. Nf1 Ba6 12. Ng3 Rc8 13. h4 Qc7 14. Be3 Na5 15.
Rc1 Qb7 16. Qd2 Rxc1 17. Rxc1 Rc8 18. Rxc8+ Qxc8 19. Bh6 Nxb3 20. axb3 Bb7 21.
Bxg7 Kxg7 22. Qg5 Ng8 23. h5 f6 24. h6+ Kf7 25. Qf4 Ke7 26. e5 dxe5 27. dxe5
Bxf3 28. exf6+ Nxf6 29. gxf3 Qd8 1/2-1/2

[Event "PRO League Group Stage"]
[Site "chess.com INT"]
[Date "2019.02.07"]
[Round "5"]
[White "Blohberger, Felix"]
[Black "Hansen, Torbjorn Ringdal"]
[Result "0-1"]
[WhiteTitle "IM"]
[BlackTitle "GM"]
[WhiteElo "2450"]
[BlackElo "2419"]
[WhiteTeam "Berlin Bears"]
[BlackTeam "Norway Gnomes"]
[WhiteFideId "1632051"]
[BlackFideId "1501720"]
[EventDate "2019.01.08"]

1. e4 c6 2. d4 d5 3. exd5 cxd5 4. Nf3 Nf6 5. Ne5 Nc6 6. Bb5 Bd7 7. Nxd7 Qxd7 8.
c3 e6 9. Nd2 a6 10. Bd3 b5 11. Qe2 Bd6 12. a4 bxa4 13. Bxa6 a3 14. b4 O-O 15.
Bxa3 Qc7 16. g3 e5 17. O-O exd4 18. b5 dxc3 19. Bxd6 Qxd6 20. bxc6 cxd2 21. Bb7
Rxa1 22. Rxa1 Ne4 23. c7 Qxc7 24. Bxd5 Qe5 25. Ra5 Qd4 26. Bb3 Nc3 27. Bxf7+ Kh8 0-1

[Event "PRO League Group Stage"]
[Site "chess.com INT"]
[Date "2019.02.07"]
[Round "5"]
[White "Lagunow, Raphael"]
[Black "Holm, Kristian Stuvik"]
[Result "0-1"]
[WhiteTitle "FM"]
[BlackTitle "IM"]
[WhiteElo "2413"]
[BlackElo "2468"]
[WhiteTeam "Berlin Bears"]
[BlackTeam "Norway Gnomes"]
[WhiteFideId "24652644"]
[BlackFideId "1508083"]
[EventDate "2019.01.08"]

1. e4 e5 2. Nf3 Nc6 3. Bc4 Bc5 4. c3 Nf6 5. d3 a5 6. a4 d6 7. O-O h6 8. Nbd2 O-O
9. h3 Be6 10. Re1 Qb8 11. Nf1 Qa7 12. Qe2 Nh5 13. Be3 Bxe3 14. Nxe3 Nf4 15. Qd2
Bxc4 16. dxc4 Ne7 17. Nh4 Qc5 18. Kh2 Qc6 19. Nd5 Nfxd5 20. cxd5 Qd7 21. g4 Ng6
22. Nf5 Nf4 23. Rg1 g6 24. Ne3 Qd8 25. Rg3 Kg7 26. Rf1 Rh8 27. Ng2 g5 28. Ne3 f6
29. Nf5+ Kf7 30. Rh1 h5 31. Kg1 hxg4 32. Rxg4 Nxh3+ 33. Kf1 Nf4 34. Rgg1 Qd7 35.
b3 b5 36. Qd1 bxa4 37. bxa4 Qc8 38. Ne3 Rh3 39. Qg4 Qxg4 40. Nxg4 Rb8 0-1

[Event "PRO League Group Stage"]
[Site "chess.com INT"]
[Date "2019.02.07"]
[Round "5"]
[White "Diaz Camallonga, Carles"]
[Black "Van Foreest, Jorden"]
[Result "0-1"]
[WhiteTitle "IM"]
[BlackTitle "GM"]
[WhiteElo "2432"]
[BlackElo "2612"]
[WhiteTeam "Barcelona Raptors"]
[BlackTeam "Amsterdam Mosquitoes"]
[WhiteFideId "22235256"]
[BlackFideId "1039784"]
[EventDate "2019.01.08"]

1. e4 e5 2. Nf3 Nc6 3. Bb5 Nf6 4. d3 d6 5. c4 g6 6. Nc3 Bg7 7. d4 exd4 8. Nxd4
Bd7 9. Bxc6 bxc6 10. O-O O-O 11. f3 Re8 12. Re1 a5 13. Be3 a4 14. Rc1 Qb8 15.
Qd2 Qb4 16. c5 dxc5 17. Nc2 Qa5 18. Nb1 Be6 19. Nca3 Bxa2 20. Rxc5 Qxd2 21. Nxd2
Nd7 22. Rxc6 Bxb2 23. Ndc4 Ne5 24. Nxe5 Rxe5 25. Nc2 a3 26. Rxc7 Be6 27. Bd4 Rb5
28. Rd1 a2 29. Bxb2 Rxb2 30. Na1 Rb1 31. Rcc1 Rab8 32. Kf2 R8b2+ 33. Kg3 Rxc1
34. Rxc1 Rb1 0-1

[Event "PRO League Group Stage"]
[Site "chess.com INT"]
[Date "2019.02.07"]
[Round "5"]
[White "Forcen Esteban, Daniel"]
[Black "Klein, David"]
[Result "0-1"]
[WhiteTitle "GM"]
[BlackTitle "GM"]
[WhiteElo "2567"]
[BlackElo "2492"]
[WhiteTeam "Barcelona Raptors"]
[BlackTeam "Amsterdam Mosquitoes"]
[WhiteFideId "2288230"]
[BlackFideId "1003623"]
[EventDate "2019.01.08"]

1. Nf3 d5 2. c4 d4 3. b4 g5 4. Bb2 Bg7 5. Nxg5 e5 6. Ne4 f5 7. Ng3 Nf6 8. d3 h5
9. h4 Ng4 10. Nd2 Qe7 11. a3 e4 12. dxe4 f4 13. Nf5 Bxf5 14. exf5 Nxf2 15. Qa4+
b5 16. Qb3 Nxh1 17. cxb5 Nd7 18. Qd5 Nb6 19. Qc6+ Kf8 20. Ne4 Qxh4+ 21. Kd2 Ng3
22. Nc5 Rh6 23. Ne6+ Kg8 24. Qxc7 Rxe6 25. fxe6 Rc8 26. Qf7+ Kh8 27. e7 Ne4+ 28.
Kd1 Nd6 29. Qe6 Qf2 30. Qxd6 Qxf1+ 31. Kd2 Nc4+ 32. Kd3 Nxb2+ 33. Ke4 Qxe2+ 34.
Kf5 Qg4+ 35. Ke4 f3+ 0-1

[Event "PRO League Group Stage"]
[Site "chess.com INT"]
[Date "2019.02.07"]
[Round "5"]
[White "Admiraal, Miguoel"]
[Black "Herrera Reyes, Jose Antonio"]
[Result "1-0"]
[WhiteTitle "IM"]
[BlackTitle "FM"]
[WhiteElo "2478"]
[BlackElo "2324"]
[WhiteTeam "Amsterdam Mosquitoes"]
[BlackTeam "Barcelona Raptors"]
[WhiteFideId "1019716"]
[BlackFideId "2274914"]
[EventDate "2019.01.08"]

1. a3 g6 2. d4 Bg7 3. e4 b6 4. Nf3 Bb7 5. Bd3 c5 6. d5 d6 7. O-O Nd7 8. Re1 Ngf6
9. a4 a6 10. Na3 Ng4 11. Bf1 O-O 12. c3 Rc8 13. Bf4 f5 14. Ng5 Nde5 15. Ne6 Qd7
16. h3 Nf6 17. Bxe5 dxe5 18. Nc4 Nxe4 19. Nxb6 Qd6 20. Nxc8 Rxc8 21. Nxg7 Kxg7
22. c4 a5 23. Qe2 Ba6 24. f3 Ng3 25. Qxe5+ Qxe5 26. Rxe5 Nxf1 27. Rxf1 Bxc4 28.
Rxe7+ Kf6 29. Rfe1 Bxd5 30. Rxh7 Rb8 31. Rc7 c4 32. Rc5 Bf7 33. Rc6+ Kg5 34. Re2
Rb4 35. Rc7 Kf6 36. h4 Rxa4 37. Rc6+ Kg7 38. Re7 Kf8 39. Ra7 Ra1+ 40. Kf2 Rb1
41. Rf6 Rxb2+ 42. Kg3 c3 43. Rfxf7+ Kg8 44. Rg7+ Kh8 45. Rgc7 1-0

[Event "PRO League Group Stage"]
[Site "chess.com INT"]
[Date "2019.02.07"]
[Round "5"]
[White "Van der Lende, Ilias"]
[Black "Alvarado Diaz, Alejandro"]
[Result "0-1"]
[WhiteTitle "FM"]
[BlackTitle "IM"]
[WhiteElo "2334"]
[BlackElo "2388"]
[WhiteTeam "Amsterdam Mosquitoes"]
[BlackTeam "Barcelona Raptors"]
[WhiteFideId "1019260"]
[BlackFideId "2276119"]
[EventDate "2019.01.08"]

1. Nf3 g6 2. d4 Bg7 3. Nc3 d5 4. Bf4 c6 5. e3 Bg4 6. h3 Bxf3 7. Qxf3 Nd7 8. g4
Qa5 9. g5 e5 10. dxe5 Nxe5 11. Qg3 Nd7 12. Bd3 h6 13. O-O hxg5 14. Bxg5 Ngf6 15.
h4 O-O-O 16. Rab1 Nh5 17. Qf3 f6 18. Bf4 Nxf4 19. Qxf4 f5 20. b4 Qc7 21. Qxc7+
Kxc7 22. Ne2 Rxh4 23. Kg2 Rdh8 24. Rh1 Be5 25. Rxh4 Rxh4 26. f4 Bf6 27. Kf3 Rh3+
28. Kf2 Bh4+ 29. Kg2 Rxe3 30. Rh1 Bf6 31. Rh6 Nf8 32. Ng3 Bg7 33. Rh1 Re7 34.
Kf3 Ne6 35. Rh7 Nf8 36. Rh1 Bc3 37. Rh6 Bxb4 38. Rh8 Ne6 39. Rg8 Rg7 40. Re8
Nd4+ 41. Kf2 Bc5 42. Kf1 Bd6 43. c3 Bxf4 44. cxd4 Bxg3 45. Kg2 Bh4 46. Kf3 Bf6
47. Rf8 Bxd4 48. Re8 b5 49. Ra8 Kb6 0-1

[Event "PRO League Group Stage"]
[Site "chess.com INT"]
[Date "2019.02.07"]
[Round "5"]
[White "Sebenik, Matej"]
[Black "Meier, Georg"]
[Result "1/2-1/2"]
[WhiteTitle "GM"]
[BlackTitle "GM"]
[WhiteElo "2540"]
[BlackElo "2623"]
[WhiteTeam "Ljubljana Turtles"]
[BlackTeam "Baden-Baden Snowballs"]
[WhiteFideId "14602296"]
[BlackFideId "4675789"]
[EventDate "2019.01.08"]

1. d4 Nf6 2. Nf3 e6 3. Bf4 Be7 4. h3 b6 5. e3 c5 6. Nbd2 O-O 7. Bd3 Ba6 8. Bxa6
Nxa6 9. Qe2 Qc8 10. c3 cxd4 11. exd4 Nc7 12. O-O Qb7 13. a4 a6 14. Nc4 Ncd5 15.
Bd6 Bxd6 16. Nxd6 Qc6 17. Ne4 Nxe4 18. Qxe4 h6 19. Rfe1 b5 20. Ne5 Qc7 21. Qf3
d6 22. Nd3 Nb6 23. axb5 axb5 24. Nb4 Rfc8 25. Ra6 Rxa6 26. Nxa6 Qa7 27. Nb4 Nc4
28. d5 e5 29. Nc6 Qb7 30. Qe2 Ra8 31. b3 Na5 32. Nxa5 Rxa5 33. f4 f6 34. fxe5
fxe5 35. Qg4 Qa7+ 36. Kh2 Qf2 37. Re3 Qxe3 38. Qc8+ Kh7 39. Qf5+ Kh8 40. Qf8+
Kh7 41. Qf5+ Kh8 42. Qf8+ Kh7 43. Qf5+ 1/2-1/2

[Event "PRO League Group Stage"]
[Site "chess.com INT"]
[Date "2019.02.07"]
[Round "5"]
[White "Borisek, Jure"]
[Black "Donchenko, Alexander"]
[Result "1/2-1/2"]
[WhiteTitle "GM"]
[BlackTitle "GM"]
[WhiteElo "2584"]
[BlackElo "2604"]
[WhiteTeam "Ljubljana Turtles"]
[BlackTeam "Baden-Baden Snowballs"]
[WhiteFideId "14603152"]
[BlackFideId "24603295"]
[EventDate "2019.01.08"]

1. e4 c5 2. Nf3 d6 3. d4 cxd4 4. Nxd4 Nf6 5. Nc3 a6 6. Be3 e5 7. Nb3 Be6 8. f3
h5 9. Qd2 Nbd7 10. Nd5 Bxd5 11. exd5 g6 12. Be2 Bg7 13. c4 O-O 14. O-O b6 15. h3
Nh7 16. Rac1 f5 17. Na1 a5 18. Nc2 f4 19. Bf2 Bf6 20. Bd3 Kf7 21. Na3 Bh4 22.
Nb5 Bxf2+ 23. Rxf2 Nc5 24. Bc2 Nf6 25. b3 Rg8 26. a3 Qd7 27. b4 axb4 28. axb4
Na6 29. Rb1 g5 30. Bd3 Nc7 31. Nxc7 Qxc7 32. Bf5 Kg7 33. Rc1 Rgd8 34. Be6 Kh6
35. Qc2 Qh7 36. Qxh7+ Kxh7 37. c5 dxc5 38. bxc5 Nxd5 39. Re2 Ne3 40. c6 Rd6 41.
Bd7 Kg6 42. Rb1 Ra7 43. Kf2 h4 44. Rxe3 fxe3+ 45. Kxe3 Ra3+ 46. Ke2 Ra2+ 47. Ke3
Ra3+ 48. Ke2 Ra2+ 49. Ke3 Ra3+ 1/2-1/2

[Event "PRO League Group Stage"]
[Site "chess.com INT"]
[Date "2019.02.07"]
[Round "5"]
[White "Kollars, Dmitrij"]
[Black "Skuhala, Jernej"]
[Result "1-0"]
[WhiteTitle "GM"]
[BlackTitle "FM"]
[WhiteElo "2562"]
[BlackElo "2277"]
[WhiteTeam "Baden-Baden Snowballs"]
[BlackTeam "Ljubljana Turtles"]
[WhiteFideId "12909572"]
[BlackFideId "14605651"]
[EventDate "2019.01.08"]

1. e4 c5 2. Nf3 d6 3. Bb5+ Bd7 4. Bxd7+ Qxd7 5. c4 Nf6 6. Nc3 g6 7. d4 cxd4 8.
Nxd4 Bg7 9. h3 Qc7 10. Qe2 a6 11. O-O O-O 12. Bg5 Nc6 13. Rad1 Ne5 14. b3 e6 15.
Nf3 Nxf3+ 16. Qxf3 Nd7 17. Qg3 Ne5 18. Rd2 h6 19. Bf4 b5 20. Bxe5 Bxe5 21. f4
Bg7 22. f5 Be5 23. Qf3 bxc4 24. Ne2 cxb3 25. axb3 Rab8 26. Kh1 Qb7 27. Qg4 exf5
28. exf5 Qb4 29. Rd4 Qxb3 30. fxg6 f5 31. Qh4 Rb7 32. Rdd1 Qe6 33. Qxh6 Rg7 34.
Nf4 Bxf4 35. Qxf4 Qxg6 36. Rf2 Rf6 37. Qc4+ Kh7 38. Qxa6 Qg3 39. Qf1 f4 40. Rd3
Qh4 41. Rdf3 Rgf7 42. g3 fxg3 43. Rxf6 Qe4+ 44. Qg2 1-0

[Event "PRO League Group Stage"]
[Site "chess.com INT"]
[Date "2019.02.07"]
[Round "5"]
[White "Agrest, Inna"]
[Black "Markoja, Boris"]
[Result "0-1"]
[WhiteTitle "WIM"]
[BlackTitle "IM"]
[WhiteElo "2275"]
[BlackElo "2442"]
[WhiteTeam "Baden-Baden Snowballs"]
[BlackTeam "Ljubljana Turtles"]
[WhiteFideId "1708830"]
[BlackFideId "14608502"]
[EventDate "2019.01.08"]

1. e4 c5 2. Nf3 g6 3. d4 cxd4 4. Nxd4 Nc6 5. Nc3 Bg7 6. Be3 Nf6 7. Bc4 O-O 8.
Bb3 a6 9. h3 Qc7 10. O-O b5 11. a4 b4 12. Nd5 Nxd5 13. Bxd5 Bb7 14. Rc1 e6 15.
Bb3 Ne5 16. f3 Nc4 17. Bxc4 Qxc4 18. b3 Qc3 19. Qd2 Qxd2 20. Bxd2 Bxd4+ 21. Kh1
a5 22. c3 bxc3 23. Bxc3 Bxc3 24. Rxc3 Rfc8 25. Rfc1 Rxc3 26. Rxc3 Rc8 27. Rd3 d5
28. exd5 Bxd5 0-1

[Event "PRO League Group Stage"]
[Site "chess.com INT"]
[Date "2019.02.07"]
[Round "5"]
[White "Vachier-Lagrave, Maxime"]
[Black "Duda, Jan-Krzysztof"]
[Result "0-1"]
[WhiteTitle "GM"]
[BlackTitle "GM"]
[WhiteElo "2780"]
[BlackElo "2738"]
[WhiteTeam "Marseille Migraines"]
[BlackTeam "Cannes Blitzstreams"]
[WhiteFideId "623539"]
[BlackFideId "1170546"]
[EventDate "2019.01.08"]

1. e4 e5 2. Nf3 Nf6 3. Nxe5 d6 4. Nf3 Nxe4 5. Nc3 Nxc3 6. dxc3 Be7 7. Be3 Nc6 8.
Qd2 Be6 9. O-O-O Qd7 10. a3 a6 11. h4 Bf6 12. Ng5 O-O-O 13. Nxe6 fxe6 14. g3 d5
15. Bh3 Kb8 16. Rhe1 Rhe8 17. f4 Na5 18. Bd4 Nc4 19. Qd3 Qb5 20. b3 Nxa3 21.
Bxf6 gxf6 22. Bxe6 Qa5 23. Kb2 Rd6 24. Bxd5 Rxe1 25. Rxe1 Rxd5 26. Re8+ Ka7 27.
Qe3+ c5 28. Re4 Nxc2 29. Qe2 Qa1+ 30. Kxc2 Qa2+ 31. Kc1 Qa1+ 32. Kc2 Qa2+ 33.
Kc1 Qxb3 34. Qc2 Qa3+ 35. Kb1 Rd6 0-1

[Event "PRO League Group Stage"]
[Site "chess.com INT"]
[Date "2019.02.07"]
[Round "5"]
[White "Tregubov, Pavel V."]
[Black "Lagarde, Maxime"]
[Result "0-1"]
[WhiteTitle "GM"]
[BlackTitle "GM"]
[WhiteElo "2592"]
[BlackElo "2604"]
[WhiteTeam "Marseille Migraines"]
[BlackTeam "Cannes Blitzstreams"]
[WhiteFideId "4115341"]
[BlackFideId "662399"]
[EventDate "2019.01.08"]

1. d4 Nc6 2. d5 Ne5 3. e4 e6 4. f4 Ng6 5. dxe6 fxe6 6. Be3 Nf6 7. Nd2 Bb4 8. c3
Ba5 9. Bd3 Bb6 10. Bxb6 Nxf4 11. Bc2 axb6 12. g3 Ng6 13. Ngf3 e5 14. Bb3 d5 15.
exd5 O-O 16. Qe2 e4 17. Ng5 Bg4 18. d6+ Kh8 19. Qe3 cxd6 20. h3 Bd7 21. O-O-O d5
22. Qd4 Ne7 23. g4 h6 24. Ndxe4 Nc6 25. Qd2 dxe4 26. Nf7+ Rxf7 27. Bxf7 Ne5 28.
Bb3 Nd3+ 29. Kb1 Ba4 30. g5 Bxb3 31. axb3 hxg5 32. Qxg5 Qd5 33. Rhg1 Qxg5 34.
Rxg5 Ra5 35. Rxa5 bxa5 36. Kc2 Nd5 37. Rg1 N3f4 38. c4 Ne3+ 39. Kd2 Neg2 0-1

[Event "PRO League Group Stage"]
[Site "chess.com INT"]
[Date "2019.02.07"]
[Round "5"]
[White "Maze, Sebastien"]
[Black "Moussard, Jules"]
[Result "0-1"]
[WhiteTitle "GM"]
[BlackTitle "GM"]
[WhiteElo "2596"]
[BlackElo "2605"]
[WhiteTeam "Cannes Blitzstreams"]
[BlackTeam "Marseille Migraines"]
[WhiteFideId "613762"]
[BlackFideId "642908"]
[EventDate "2019.01.08"]

1. e4 Nf6 2. e5 Nd5 3. d4 d6 4. c4 Nb6 5. exd6 exd6 6. Nc3 Be7 7. Bd3 Nc6 8.
Nge2 O-O 9. O-O Bg4 10. f3 Bh5 11. b3 Re8 12. Be3 Bf6 13. Bf2 Bg6 14. Bxg6 hxg6
15. Qd2 d5 16. c5 Nc8 17. Rab1 N8e7 18. g4 g5 19. Ng3 Ng6 20. Nh5 Nh4 21. Bxh4
gxh4 22. Nxf6+ Qxf6 23. Rbd1 Rad8 24. f4 g6 25. Kg2 Kg7 26. Rf3 Re4 27. Nxe4
dxe4 28. Rff1 h3+ 29. Kh1 Rxd4 30. Qe3 Qd8 31. Rxd4 Qxd4 32. Qxh3 e3 33. Re1
Qxf4 34. Qxe3 Qxg4 35. Qc3+ Kh7 36. Rf1 Kg8 37. Qf3 Qe6 38. a3 a5 39. b4 axb4
40. axb4 Nxb4 41. Qxb7 Nd5 42. Qb3 c6 43. Qf3 Qe7 44. Rf2 Qe1+ 45. Rf1 Qe7 46.
Rf2 Kg7 47. Rf1 f5 48. Rg1 Qxc5 49. Qg3 Ne7 50. h4 Qd5+ 51. Kh2 Kf7 52. Re1 Qd2+
53. Kh3 Nd5 54. Rf1 f4 55. Qg2 Qxg2+ 56. Kxg2 Ne3+ 57. Kf3 Nxf1 0-1

[Event "PRO League Group Stage"]
[Site "chess.com INT"]
[Date "2019.02.07"]
[Round "5"]
[White "Droin, Augustin"]
[Black "Maurizzi, Marc Andria"]
[Result "1-0"]
[BlackTitle "CM"]
[WhiteElo "2099"]
[BlackElo "2028"]
[WhiteTeam "Cannes Blitzstreams"]
[BlackTeam "Marseille Migraines"]
[WhiteFideId "45105987"]
[BlackFideId "36083534"]
[EventDate "2019.01.08"]

1. e4 e6 2. d4 d5 3. Nc3 Nf6 4. Bg5 dxe4 5. Nxe4 Be7 6. Bxf6 gxf6 7. Nf3 f5 8.
Nc3 Bf6 9. Qd2 Nc6 10. O-O-O Ne7 11. Bc4 O-O 12. Rhg1 Ng6 13. h4 Kh8 14. g4 fxg4
15. Rxg4 e5 16. Rgg1 exd4 17. Nxd4 c5 18. Ndb5 Qxd2+ 19. Rxd2 Ne5 20. Be2 Be6
21. Nc7 Rac8 22. Nxe6 fxe6 23. Rd6 Rc6 24. Rxc6 Nxc6 25. f3 Bxh4 26. Ne4 Nd4 27.
Bd1 Be7 28. Rf1 Rf4 29. c3 Nc6 30. Bb3 Nd8 31. Kd2 b5 32. Ke3 Rf8 33. a4 c4 34.
Bc2 a6 35. axb5 axb5 36. Ra1 Nc6 37. Ra6 Rc8 38. Rb6 b4 39. Ba4 bxc3 40. bxc3
Nd8 41. Bd7 Rc7 42. Bxe6 Nxe6 43. Rxe6 Kg7 44. f4 Bd8 45. Nd6 Ra7 46. Nxc4 Bf6
47. Ne5 h5 48. c4 Rc7 49. Kd3 h4 50. Ng4 Bd8 51. f5 h3 52. Rg6+ Kf7 53. Rh6 Rc5
54. Rxh3 Bg5 55. Rf3 Bf6 56. Ne3 Rc8 57. Nd5 Be5 58. Re3 Bd6 59. Re6 Bf8 60.
Rf6+ Kg7 61. Rg6+ Kf7 62. Rb6 Ra8 63. Rb7+ Ke8 64. Nc7+ 1-0

[Event "PRO League Group Stage"]
[Site "chess.com INT"]
[Date "2019.02.07"]
[Round "5"]
[White "Braun, Arik"]
[Black "Tari, Aryan"]
[Result "0-1"]
[WhiteTitle "GM"]
[BlackTitle "GM"]
[WhiteElo "2598"]
[BlackElo "2625"]
[WhiteTeam "Berlin Bears"]
[BlackTeam "Norway Gnomes"]
[WhiteFideId "4663527"]
[BlackFideId "1510045"]
[EventDate "2019.01.08"]

1. d4 Nf6 2. c4 g6 3. Nf3 Bg7 4. e3 O-O 5. Be2 b6 6. O-O Bb7 7. Nc3 e6 8. Qc2 d5
9. cxd5 exd5 10. b4 c6 11. a4 Nbd7 12. Bb2 Re8 13. Rfc1 Rc8 14. Qd1 Bf8 15. Qb3
Rb8 16. b5 c5 17. Ba3 Rc8 18. Rd1 Bd6 19. Qb2 Qe7 20. g3 Rc7 21. Bf1 Rec8 22.
Ne2 Ne4 23. Nf4 c4 24. Bxd6 Qxd6 25. Rdc1 g5 26. Ng2 Qf6 27. Nge1 h5 28. a5 Re8
29. Ra3 g4 30. Nh4 Nf8 31. Bg2 Ng6 32. Nxg6 fxg6 33. axb6 axb6 34. Ra7 Rf8 35.
Bxe4 dxe4 36. Qe2 Rcf7 37. Ng2 Bd5 38. Rxf7 Bxf7 39. Qc2 g5 40. Ra1 Bd5 41. Ra7
Qd6 42. Qb2 Rf5 43. Qa1 Bf7 44. Ra8+ Kh7 45. Ne1 Rxb5 46. d5 Rxd5 47. Qh8+ Kg6
48. Nc2 Rd1+ 49. Kg2 Qf6 50. Qxf6+ Kxf6 51. Nd4 Rb1 52. Rc8 Ke5 53. Rc7 Bd5 54.
Rg7 b5 55. Rxg5+ Kd6 56. Rxh5 b4 57. Rh6+ Kc5 58. Rh8 b3 59. Rc8+ Kb4 60. Rb8+
Kc3 61. h4 gxh3+ 62. Kxh3 Kd3 63. g4 c3 64. Rd8 Kc4 65. Rc8+ Kd3 66. Rd8 c2 67.
Rxd5 Kc4 68. Rd8 c1=Q 69. Rc8+ Kb4 70. Rxc1 Rxc1 71. Nxb3 Kxb3 72. Kg3 Kc4 73.
Kf4 Kd5 74. g5 Rc8 75. g6 Rf8+ 76. Kg5 Ke5 77. g7 Rxf2 78. Kg6 Rg2+ 79. Kf7 Kd5
80. g8=Q Rxg8 81. Kxg8 Kc4 82. Kf7 Kd3 0-1

[Event "PRO League Group Stage"]
[Site "chess.com INT"]
[Date "2019.02.07"]
[Round "5"]
[White "Mons, Leon"]
[Black "Salomon, Johan"]
[Result "1/2-1/2"]
[WhiteTitle "GM"]
[BlackTitle "GM"]
[WhiteElo "2544"]
[BlackElo "2494"]
[WhiteTeam "Berlin Bears"]
[BlackTeam "Norway Gnomes"]
[WhiteFideId "4614950"]
[BlackFideId "1509500"]
[EventDate "2019.01.08"]

1. e4 e5 2. Bc4 Nf6 3. d3 Bc5 4. Nc3 c6 5. Nf3 d6 6. O-O O-O 7. Bb3 Nbd7 8. Ne2
Re8 9. Ng3 d5 10. exd5 cxd5 11. Re1 Bd6 12. Ba4 Qa5 13. c4 Bb4 14. Bd2 Bxd2 15.
Nxd2 a6 16. cxd5 Qxd5 17. Nde4 Nxe4 18. dxe4 Qxd1 19. Rexd1 b5 20. Bb3 Nf6 21.
Rac1 Be6 22. Bxe6 Rxe6 23. f3 g6 24. Nf1 Kg7 25. Ne3 Ree8 26. Rc6 Rec8 27. Rdc1
Rd8 28. R1c2 h5 29. h4 Rd7 30. Kf2 Ng8 31. Nd5 Ne7 32. Nxe7 Rxe7 33. Rc7 Rxc7
34. Rxc7 Rd8 35. Ke2 Rd6 36. Ra7 Kf6 37. b3 Rc6 38. Kd3 Ke6 39. g4 b4 40. Kd2
Rd6+ 41. Ke3 Rc6 42. Kd2 Rd6+ 43. Ke3 Rc6 44. gxh5 gxh5 45. Kd2 Rd6+ 46. Ke1 Rc6
47. Rb7 a5 48. Rb5 Rc3 49. Rxa5 Rxf3 50. Ke2 Rh3 51. Ra4 Rxh4 52. Kd3 f5 53.
Ra6+ Kf7 54. exf5 Rf4 55. Ke3 1/2-1/2